Normal view
MARC view
Entry Personal Name
001 - CONTROL NUMBER
- control field: 29703
003 - CONTROL NUMBER IDENTIFIER
- control field: dpl
005 - DATE AND TIME OF LATEST TRANSACTION
- control field: 20110719124441.0
008 - FIXED-LENGTH DATA ELEMENTS
- fixed length control field: 110719|||a|||||| | ||| d
040 ## - CATALOGING SOURCE
- Original cataloging agency: dpl
- Transcribing agency: dpl
100 ## - HEADING--PERSONAL NAME
- Personal name: Lal, Niharika
670 ## - SOURCE DATA FOUND
- Source citation: Work cat.: (dpl)54018: 29661 Das, Sanjay, Yogic and Music Therapy /, 2007
670 ## - SOURCE DATA FOUND
- Source citation: Work cat.: (dpl)54018: 29661 Das, Sanjay, Yogic and Music Therapy /, 2007
